000 00365nam a2200145Ia 4500
008 210716s2010 xx 000 0 und d
020 _a9789350040317
041 _aeng
082 _a005.2765 KOGE
245 _aC# 2010 programming covers .net 4.0.
250 _a1
260 _aNew Delhi
_bDreamtech Press
_c2010
300 _axl,1735
650 _aC# Progamming
999 _c191326
_d191326